000 00714nam a2200229Ia 4500
003 OSt
005 20220923225124.0
006 a|||||r|||| 00| 0
007 ta
008 220922b |||||||| |||| 00| 0 hin d
024 _a257,680
037 _cTextual
040 _aARTS
_cARTS
_bhin
041 _2hin
_ahin
082 _aY:356(L:5191).2, 152M7
100 _aअलखनरायन सिंह
245 0 _aप्राचीन भारत में मृतक संस्कार
246 _aPrāchīn bhārat mean mṛutak sanskāra
260 _c1987
942 _hY:356(L:5191).2, 152M7
_cTEXL
_2CC
999 _c376203
_d376203